[Event "CZE-ch U14 Girls"]
[Site "Luhacovice"]
[Date "2022.03.19"]
[Round "9"]
[White "Cinkova, Vicky"]
[Black "Dorazilova, Kristyna"]
[Result "0-1"]
[WhiteElo "1317"]
[BlackElo "1240"]
[PlyCount "68"]
[EventDate "2022.03.12"]
[EventType "swiss"]
[EventRounds "9"]
[EventCountry "CZE"]
[SourceTitle "EXT 2023"]
[Source "ChessBase"]
[SourceDate "2022.10.05"]
[SourceVersion "1"]
[SourceVersionDate "2022.10.05"]
[SourceQuality "1"]

1. d4 Nf6 2. Bg5 e6 3. e3 b6 4. f4 Bb7 5. Nf3 h6 6. Bh4 Be7 7. Bd3 0-0 8. c3 d5 9. Bc2 c5 10. Ne5 Nbd7 11. 0-0 c4 12. Rf3 b5 13. Rg3 Kh8 14. Bg5 a5 15. Nxd7 Qxd7 16. Bxf6 Bxf6 17. Qh5 Be7 18. Qg4 Rg8 19. Qh5 f5 20. Rg6 Kh7 21. Rxe6 g6 22. Bxf5 Qxe6 23. Bxe6 gxh5 24. Bxg8+ Rxg8 25. Nd2 Bc8 26. Nf3 Bh3 27. g3 h4 28. Kf2 hxg3+ 29. hxg3 Bg4 30. Ne5 Bd8 31. Rh1 Be6 32. Kf3 Bc7 33. Nc6 Rg7 34. Rh5 Bg4+ 0-1

[Event "CZE-ch U14 Girls"]
[Site "Luhacovice"]
[Date "2022.03.17"]
[Round "7"]
[White "Cinkova, Vicky"]
[Black "Reznickova, Sibyla"]
[Result "1/2-1/2"]
[WhiteElo "1317"]
[BlackElo "1304"]
[PlyCount "72"]
[EventDate "2022.03.12"]
[EventType "swiss"]
[EventRounds "9"]
[EventCountry "CZE"]
[SourceTitle "EXT 2023"]
[Source "ChessBase"]
[SourceDate "2022.10.05"]
[SourceVersion "1"]
[SourceVersionDate "2022.10.05"]
[SourceQuality "1"]

1. e4 e5 2. Nf3 Nc6 3. Nc3 Bc5 4. Bc4 Nf6 5. d3 d6 6. 0-0 Bg4 7. Be3 Bb6 8. Nd5 Nxd5 9. Bxd5 Qf6 10. h3 Bxf3 11. Qxf3 Qxf3 12. Bxc6+ bxc6 13. gxf3 d5 14. Bd2 g6 15. Rae1 d4 16. f4 exf4 17. Bxf4 g5 18. Bg3 h5 19. Be5 Rg8 20. Bf6 Rg6 21. e5 Kd7 22. Kh1 Rag8 23. Re4 g4 24. h4 g3 25. Bg5 g2+ 26. Kxg2 f6 27. exf6 Rxf6 28. Kh2 Rf3 29. Re7+ Kc8 30. Rh7 Bc5 31. Kg2 Rf5 32. f4 Bd6 33. Kh1 Rgf8 34. Be7 Rxf4 35. Rxf4 Rxf4 36. Bxd6 Rxh4+ 1/2-1/2